书目信息 |
| 题名: |
书传
|
|
| 作者: | 苏轼 , 王柏 , 金履祥 撰 ;夏保国 , 曹书杰 , 苏勇 校点 ;北京大学 编 | |
| 分册: | ||
| 出版信息: | 北京 北京大学出版社 2024.06 |
|
| 页数: | 513页 | |
| 开本: | 23cm | |
| 丛书名: | ||
| 单 册: | ||
| 中图分类: | K221.04 | |
| 科图分类: | ||
| 主题词: | ||
| 电子资源: | ||
| ISBN: | 978-7-301-35287-8 | |
| 000 | 01503nam0 2200313 450 | |
| 001 | 012639728 | |
| 005 | 20251022201757.78 | |
| 010 | @a978-7-301-35287-8@dCNY120.00 | |
| 100 | @a20240731d2024 em y0chiy0120 ea | |
| 101 | 0 | @achi |
| 102 | @aCN@b110000 | |
| 105 | @ay z 000yy | |
| 106 | @ar | |
| 200 | 1 | @a书传@9shu zhuan@f(北宋)苏轼撰@g夏保国校点@c书疑@f(南宋)王柏撰@g曹书杰校点@c尚书表注@f(元)金履祥撰@g苏勇校点@g北京大学《儒藏》编纂与研究中心编 |
| 210 | @a北京@c北京大学出版社@d2024.06 | |
| 215 | @a513页@d23cm | |
| 300 | @a《儒藏》精华编选刊 | |
| 330 | @a本书包括宋元时期《尚书》学著作三种。《书传》十三卷,北宋苏轼撰,始于初贬黄州时期,历惠州和儋州而成。以《四库全书》本为底本,以《学津讨原》本为校本,参校以《四库全书荟要》本。《书疑》九卷,为南宋著名学者王柏的最有代表性的学术著作。以最早的《通志堂经解》本为底本,以同治八年胡凤丹退补斋刻《金华丛书》本为校本。《尚书表注》两卷,为宋末元初金履祥代表作之一。此次整理,底本是清同治十二年重刊《通志堂经解》本,校本另有同治年间胡凤丹退补斋刻《金华丛书》本。 | |
| 605 | @a《尚书》@x研究 | |
| 690 | @aK221.04@v5 | |
| 701 | 0 | @c(宋)@a苏轼@9su shi@f(1037-1101)@4撰 |
| 701 | 0 | @c(宋)@a王柏@9wang bai@f(1197-1274)@4撰 |
| 701 | 0 | @c(元)@a金履祥@9jin lv xiang@f(1233-1303)@4撰 |
| 702 | 0 | @a夏保国@9xia bao guo@4校点 |
| 702 | 0 | @a曹书杰@9cao shu jie@4校点 |
| 702 | 0 | @a苏勇@9su yong@4校点 |
| 712 | 02 | @a北京大学@9bei jing da xue@b儒藏编纂与研究中心@4编 |
| 801 | 0 | @aCN@c20250910 |
| 905 | @a河南城建学院图书馆@dK221.04@eS854@ZS854@f1 | |
| 书传/(北宋)苏轼撰/夏保国校点.书疑/(南宋)王柏撰/曹书杰校点.尚书表注/(元)金履祥撰/苏勇校点/北京大学《儒藏》编纂与研究中心编.-北京:北京大学出版社,2024.06 |
| 513页;23cm |
| 《儒藏》精华编选刊 |
| ISBN 978-7-301-35287-8:CNY120.00 |
| 本书包括宋元时期《尚书》学著作三种。《书传》十三卷,北宋苏轼撰,始于初贬黄州时期,历惠州和儋州而成。以《四库全书》本为底本,以《学津讨原》本为校本,参校以《四库全书荟要》本。《书疑》九卷,为南宋著名学者王柏的最有代表性的学术著作。以最早的《通志堂经解》本为底本,以同治八年胡凤丹退补斋刻《金华丛书》本为校本。《尚书表注》两卷,为宋末元初金履祥代表作之一。此次整理,底本是清同治十二年重刊《通志堂经解》本,校本另有同治年间胡凤丹退补斋刻《金华丛书》本。 |
| ● |
| 相关链接 |
|
|
|
正题名:书传
索取号:K221.04/S854
 
预约/预借
| 序号 | 登录号 | 条形码 | 馆藏地/架位号 | 状态 | 备注 |
| 1 | 1634649 | 216346498 | 社科库309/309社科库 32排6列1层/ [索取号:K221.04/S854] | 在馆 |